000
00286nam a2200121Ia 4500
008
241028s9999 xx 000 0 und d
041
_a
eng
082
_a
658.4092 GUN
100
_a
Guntha
245
_a
Digital First
260
_b
Wiley India
_a
New Delhi
_c
2022
300
_a
284;. P. 22 cm
999
_c
43019
_d
43019